Автоматизация измерений, контроля и испытаний: учебное пособие для академического бакалавриата

Dades bibliogràfiques
Autor principal: Латышенко К. П. Константин Павлович
Altres autors: Головин В. В. Владислав Владимирович
Sumari:В учебном пособии хорошо представлены основные способы и приборы измерений, испытаний и контроля изделий и сред, рассмотрены соответствующие описательные примеры, представлены методы расчета, статистические данные и нормативная документация. На данный момент ряд нормативных документов (ГОСТов), приводимых в учебнике, устарел. Однако это существенно не влияет на процесс обучения методам измерений, испытаний и контроля различных изделий, и произошедшие изменения при необходимости могут быть учтены преподавателями. Учебник соответствует актуальным требованиям Федерального государственного образовательного стандарта высшего образования. Для студентов высших учебных заведений, обучающихся по инженерно-техническим направлениям.
Idioma:rus
Publicat: Москва, Юрайт, 2016
Edició:3-е изд., испр. и доп.
Col·lecció:Университеты России
Matèries:
Format: MixedMaterials Llibre
KOHA link:https://koha.lib.tpu.ru/cgi-bin/koha/opac-detail.pl?biblionumber=321555

MARC

LEADER 00000nam0a2200000 4500
001 321555
005 20231102003404.0
010 |a 9785991692274 
035 |a (RuTPU)RU\TPU\book\347111 
035 |a RU\TPU\book\242595 
090 |a 321555 
100 |a 20120924d2016 m y0rusy50 ca 
101 0 |a rus 
102 |a RU 
105 |a a j 001zy 
200 1 |a Автоматизация измерений, контроля и испытаний  |e учебное пособие для академического бакалавриата  |f К. П. Латышенко 
205 |a 3-е изд., испр. и доп. 
210 |a Москва  |c Юрайт  |d 2016 
215 |a 190 с.  |c ил. 
225 1 |a Университеты России 
320 |a Библиогр.: с. 169-172 
330 |a В учебном пособии хорошо представлены основные способы и приборы измерений, испытаний и контроля изделий и сред, рассмотрены соответствующие описательные примеры, представлены методы расчета, статистические данные и нормативная документация. На данный момент ряд нормативных документов (ГОСТов), приводимых в учебнике, устарел. Однако это существенно не влияет на процесс обучения методам измерений, испытаний и контроля различных изделий, и произошедшие изменения при необходимости могут быть учтены преподавателями. Учебник соответствует актуальным требованиям Федерального государственного образовательного стандарта высшего образования. Для студентов высших учебных заведений, обучающихся по инженерно-техническим направлениям. 
606 1 |a Автоматические системы контроля  |2 stltpush  |3 (RuTPU)RU\TPU\subj\767  |9 29573 
610 1 |a измерительные сигналы 
610 1 |a нормирование 
610 1 |a разложение 
610 1 |a измерительная информация 
610 1 |a дискретизация 
610 1 |a квантование 
610 1 |a фильтрация 
610 1 |a экспериментальные данные 
610 1 |a интерполяция 
610 1 |a экстраполяция 
610 1 |a аппроксимация 
610 1 |a эксперименты 
610 1 |a оптимизация 
610 1 |a курсовые работы 
610 1 |a оформление 
610 1 |a учебные пособия 
675 |a 681.518.52(075.8)  |v 3 
700 1 |a Латышенко  |b К. П.  |g Константин Павлович 
701 1 |a Головин  |b В. В.  |g Владислав Владимирович 
801 1 |a RU  |b 63413507  |c 20160830 
801 2 |a RU  |b 63413507  |c 20200827  |g RCR 
900 |a Автоматизация измерений, контроля и испытаний 
942 |c BK 
951 |l 8 
959 |a 59/20160829  |d 2  |e 399,00  |f ЧЗТЛ:1  |f УФ:1